书目信息 |
| 题名: |
多面的谷氨酸
|
|
| 作者: | 马特森 著 ;徐蕴芸 译 | |
| 分册: | ||
| 出版信息: | 北京 中信出版集团股份有限公司 2025.01 |
|
| 页数: | X, 313页 | |
| 开本: | 21cm | |
| 丛书名: | ||
| 单 册: | ||
| 中图分类: | Q517 , R322.85 | |
| 科图分类: | ||
| 主题词: | 谷氨酸--gu an suan--作用--脑神经 | |
| 电子资源: | ||
| ISBN: | 978-7-5217-7014-8 | |
| 000 | 01922nam0 2200289 450 | |
| 001 | 94495 | |
| 005 | 20250820161141.84 | |
| 010 | @a978-7-5217-7014-8@dCNY69.00 | |
| 100 | @a20241227d2025 em y0chiy50 ea | |
| 101 | 1 | @achi@ceng |
| 102 | @aCN@b110000 | |
| 105 | @aa a 000yy | |
| 106 | @ar | |
| 200 | 1 | @a多面的谷氨酸@Aduo mian de gu an suan@f(美) 马克·P.马特森著@d= Sculptor and destroyer tales of glutamate-the brain's most important neurotransmitter@fMark P. Mattson@g徐蕴芸译@zeng |
| 210 | @a北京@c中信出版集团股份有限公司@d2025.01 | |
| 215 | @aX, 313页@c图@d21cm | |
| 314 | @a马克·P.马特森 (Mark P. Mattson), 资深神经科学专家, 约翰斯·霍普金斯大学神经科学兼职教授, 曾任巴尔的摩美国国家老龄化研究所神经科学实验室主任, 发表论文超过900篇, 被引用次数超过20万次, 是世界上论文被引用次数最多的神经科学家之一。徐蕴芸, 临床医学博士, 科普作家, 热爱做知识的搬运工, 已有《赶往火星》、《DK怀孕百科》、“狼王四部曲”等多部译著, 专注于推广健康生活方式及相关公益事业。 | |
| 320 | @a有书目 (第281-305页) | |
| 330 | @a本书是一本介绍神经递质谷氨酸的在大脑中的作用的科普图书。谷氨酸是生物体内一种重要的氨基酸, 作为一种兴奋型神经递质参与信息传递。它能起到控制人体兴奋反应的作用, 可以提升大脑的学习力、专注力、创造力、想象力。在这本书中, 作者解释了神经递质谷氨酸如何控制大脑中神经元网络的结构和功能, 从而调解大脑的能力, 包括学习和记忆、创造力和想象力, 进而影响人们的身体健康。人类几乎每时每刻都被这种物质影响着。读者将从中了解到, 我们如何通过行为、习惯的变更来控制谷氨酸对大脑的作用, 进而提升学习力、专注力, 达到提高认知、缓解抑郁、戒除上瘾等的目的。 | |
| 500 | 10 | @aSculptor and destroyer tales of glutamate-the brain's most important neurotransmitter@mChinese |
| 606 | 0 | @a谷氨酸@Agu an suan@x作用@x脑神经 |
| 690 | @aQ517@v5 | |
| 690 | @aR322.85@v5 | |
| 701 | 1 | @a马特森@Ama te sen@g(Mattson, Mark P.)@4著 |
| 702 | 0 | @a徐蕴芸@Axu yun yun@4译 |
| 801 | 0 | @aCN@c20250909 |
| 905 | @a河南城建学院图书馆@dQ517@eM171@f3 | |
| 多面的谷氨酸/(美) 马克·P.马特森著= Sculptor and destroyer tales of glutamate-the brain's most important neurotransmitter/Mark P. Mattson/徐蕴芸译.-北京:中信出版集团股份有限公司,2025.01 |
| X, 313页:图;21cm |
| ISBN 978-7-5217-7014-8:CNY69.00 |
| 本书是一本介绍神经递质谷氨酸的在大脑中的作用的科普图书。谷氨酸是生物体内一种重要的氨基酸, 作为一种兴奋型神经递质参与信息传递。它能起到控制人体兴奋反应的作用, 可以提升大脑的学习力、专注力、创造力、想象力。在这本书中, 作者解释了神经递质谷氨酸如何控制大脑中神经元网络的结构和功能, 从而调解大脑的能力, 包括学习和记忆、创造力和想象力, 进而影响人们的身体健康。人类几乎每时每刻都被这种物质影响着。读者将从中了解到, 我们如何通过行为、习惯的变更来控制谷氨酸对大脑的作用, 进而提升学习力、专注力, 达到提高认知、缓解抑郁、戒除上瘾等的目的。 |
| ● |
| 相关链接 |
|
|
|
正题名:多面的谷氨酸
索取号:Q517/M171
 
预约/预借
| 序号 | 登录号 | 条形码 | 馆藏地/架位号 | 状态 | 备注 |
| 1 | 1628661 | 216286613 | 自科库401/401自科库 29排4列3层/ [索取号:Q517/M171] | 在馆 | |
| 2 | 1628662 | 216286622 | 自科库401/401自科库 29排4列3层/ [索取号:Q517/M171] | 在馆 | |
| 3 | 1628663 | 216286631 | 自科库401/401自科库 29排4列3层/ [索取号:Q517/M171] | 在馆 |